000 01362nam0a22003011 4500
001 rc\3749644
005 20130115154819.7
021 _aRU
_b73-57850
021 _aRU
_bРг10724-73
035 _a(NLR Aleph) 007789330
090 _a7645299
_c7645299
100 _a20130115d1973 |||y0rusy50 ca
101 0 _arus
102 _aRU
105 _ay z |||||
200 1 _aФормирование аграрно-промышленного комплекса в европейских социалистических странах
_e(Науч. докл.)
_fАН СССР. Ин-т экономики мировой соц. системы
210 _aМосква
_cБ. и.
_d1973
215 _a[2], 69 с.
_d20
300 _aНа обороте тит. л.: подгот. кандидаты экон. наук Стародубровская В.Н., Бух М.Е., С.К. Орловская
700 1 _aСтародубровская
_bВ. Н.
_f1914-
_gВера Николаевна
701 1 _aОрловская
_bС. К.
701 1 _aБух
_bМ. Е.
_gМихаил Ефимович
712 0 2 _aИнститут экономики мировой социалистической системы
_cМосква
_3RU\NLR\AUTH\889947026
801 0 _aRU
_bNLR
_gpsbo
801 1 _aRU
_bELAR
_2rusmarc
852 _aNLR
_j73-4/21099
942 _cBOOK
980 _aNB